Score 0/21 Timer 04:00
41 Plays Today
% Correct
TILE
95.4%
BALE
94.1%
TALE
93.9%
❖BASE❖
93%
SILK
92.6%
BELT
90.8%
❖❖PISA❖❖
90.7%
LISA
90.5%
❖TILT❖
89.7%
PINA
89.7%
PINK
89.6%
% Correct
❖BELL❖
89.4%
LIST
88.2%
SILT
88.1%
LEST
88%
BEST
87.7%
❖SINK❖
86.5%
WELL
82.2%
❖LEAN❖
80.1%
WEAN
77.3%
WEAL
70.1%
Remove Ads.
Support Sporcle.
Get the best of Sporcle when you Go Orange. This ad-free experience offers more features, more stats, and more fun while also helping to support Sporcle. Thank you for becoming a member.

You're not logged in!

Compare scores with friends on all Sporcle quizzes.
OR
Log In

Show Comments

Extras

Top Quizzes Today


Score Distribution

Your Account Isn't Verified!

In order to create a playlist on Sporcle, you need to verify the email address you used during registration. Go to your Sporcle Settings to finish the process.

Report this User

Report this user for behavior that violates our Community Guidelines.

Details: